| 000 | 00790nam a22002057a 4500 | ||
|---|---|---|---|
| 999 |
_c1351 _d1351 |
||
| 003 | AR-CdUCM | ||
| 008 | 190226b ||||| |||| 00| 0 spa d | ||
| 040 |
_aMUNICIPALIDAD PROVINCIAL DEL CUSCO _cBIBLIOTECA MUNICIPAL DEL CUSCO |
||
| 082 |
_a373 / _bS18 |
||
| 100 |
_aSalas Rodríguez, Wilbert _95173 |
||
| 245 | _aPrincipios fundamentales de la metodología pedagógica / | ||
| 260 |
_aCusco : _bH.G. Rozas Sucesores; _c1951. |
||
| 300 |
_a181 paginas ; _c17 cm. |
||
| 505 | _aPrincipios biológicos -- Consecuencias metodológicos -- Principios Psicológicos -- Principios sociológicos -- Principios Psicológicos de la adolescente ... | ||
| 650 |
_aEducación _9460 |
||
| 650 |
_aMetodología _92264 |
||
| 650 |
_aAdolescencia _9127 |
||
| 942 |
_2ddc _cLIBROS |
||
| 945 |
_arum _d2019-02-26 |
||